Dark waters /

Inspired by a shocking true story, a tenacious attorney uncovers a dark secret that connects a growing number of unexplained deaths due to one of the world's largest corporations. In the process, he risks everything, his future, his family, and his own life to expose the truth.

Bibliographic Details
Other Authors: Correa, Mario (Screenwriter) (Screenwriter), Carnahan, Matthew Michael (Screenwriter), Ruffalo, Mark (Actor), Hathaway, Anne, 1982- (Actor), Robbins, Tim, 1958- (Actor), Camp, Bill (Actor), Garber, Victor (Actor), Winningham, Mare (Actor), Pullman, Bill (Actor), Harper, William Jackson, 1980- (Actor), Krause, Louisa, 1986- (Actor), Zarvos, Marcelo (composer (expression)), Lachman, Edward, 1948- (director of photography.), Rich, Nathaniel, 1980-
Format: Video DVD
Language:English
French
Spanish
Language Notes:English, French or Spanish dialogue; French or Spanish subtitles; English subtitles for the deaf and hard of hearing (SDH); English described video.
Published: Universal City, CA : Universal Pictures Home Entertainment, [2020]
Subjects:

MARC

Tag First Indicator Second Indicator Subfields
LEADER 00000cgm a2200000Ii 4500
001 in00004154921
005 20200420144051.0
007 vd cvaizq
008 200107p20202019cau127 vleng d
024 1 |a 191329125366 
028 4 2 |a 62209775  |b Universal Pictures Home Entertainment  |q (container) 
028 4 2 |a 2125027  |b Universal Pictures Home Entertainment  |q (container) 
028 4 2 |a 1102240  |b Universal Pictures Home Entertainment  |q (disc) 
028 4 2 |a 2125026  |b Universal Pictures Home Entertainment  |q (disc) 
035 |a (OCoLC)on1135064920 
035 |a (OCoLC)1135064920 
037 |b Midwest Tape  |n http://www.midwesttapes.com 
040 |a TEFMT  |b eng  |e rda  |c TEFMT  |d TEF  |d TP7  |d OCLCF  |d IKG  |d INO  |d RB0  |d OCLCO  |d IUK  |d TXA  |d UtOrBLW 
041 1 |a eng  |a fre  |a spa  |j fre  |j spa  |j eng  |h eng 
049 |a TXAM 
050 4 |a PN1997.2  |b .D37 2020b 
082 0 4 |a 791.43/72  |2 23 
090 |a PN1995.9.B55  |b D37 2020 
245 0 0 |a Dark waters /  |c Participant presents ; a Willi Hill/Killer Content production ; a Todd Haynes film ; produced by Mark Ruffalo, Christine Vachon, Pamela Koffler ; screenplay by Mario Correa and Matthew Michael Carnahan ; directed by Todd Haynes. 
257 |a United States  |2 naf 
264 1 |a Universal City, CA :  |b Universal Pictures Home Entertainment,  |c [2020] 
264 4 |c ©2019 
300 |a 1 videodisc (127 min.) :  |b sound, color ;  |c 4 3/4 in. 
336 |a two-dimensional moving image  |b tdi  |2 rdacontent 
337 |a video  |b v  |2 rdamedia 
338 |a videodisc  |b vd  |2 rdacarrier 
344 |a digital  |2 rdatr 
344 |b optical  |2 rdarm 
344 |g surround  |2 rdacpc 
344 |h Dolby digital 5.1 
346 |b NTSC  |2 rdabs 
347 |a video file  |2 rdaft 
347 |b DVD video 
347 |e region 1  |2 rdare 
380 |a Motion pictures  |2 lcgft 
538 |a DVD, NTSC, region 1; Dolby digital 5.1; wide screen (2.39:1). 
546 |a English, French or Spanish dialogue; French or Spanish subtitles; English subtitles for the deaf and hard of hearing (SDH); English described video. 
511 1 |a Mark Ruffalo, Anne Hathaway, Tim Robbins, Bill Camp, Victor Garber, Mare Winningham, Bill Pullman, William Jackson Harper, Louisa Krause. 
508 |a Director of photography, Edward Lachman ; editor, Affonso Gonçalves ; music by Marcelo Zarvos. 
500 |a Based on the New York Times magazine article, "The Lawyer Who Became DuPont's Worst Nightmare" by Nathaniel Rich. 
500 |a Originally released as a motion picture in 2019. 
500 |a Wide screen (2.39:1) 
521 8 |a MPAA rating: PG-13; thematic content, some disturbing images and strong language. 
520 |a Inspired by a shocking true story, a tenacious attorney uncovers a dark secret that connects a growing number of unexplained deaths due to one of the world's largest corporations. In the process, he risks everything, his future, his family, and his own life to expose the truth. 
500 |a Bonus features: Undercovering Dark waters; The cost of being a hero; The real people. 
650 0 |a Environmental lawyers  |v Drama. 
600 1 0 |a Bilott, Robert,  |d 1965-  |v Drama. 
650 0 |a Water  |x Pollution  |v Drama. 
650 0 |a Corporations  |x Corrupt practices  |v Drama. 
610 2 0 |a E.I. du Pont de Nemours & Company  |v Drama. 
610 2 7 |a E.I. du Pont de Nemours & Company.  |2 fast  |0 (OCoLC)fst00538346 
650 7 |a Corporations  |x Corrupt practices.  |2 fast  |0 (OCoLC)fst00879825 
650 7 |a Environmental lawyers.  |2 fast  |0 (OCoLC)fst00913174 
650 7 |a Water  |x Pollution.  |2 fast  |0 (OCoLC)fst01171279 
655 7 |a Biographical films.  |2 fast  |0 (OCoLC)fst01710277 
655 7 |a Drama.  |2 fast  |0 (OCoLC)fst01423879 
655 7 |a Feature films.  |2 fast  |0 (OCoLC)fst01710384 
655 7 |a Fiction films.  |2 fast  |0 (OCoLC)fst01710264 
655 7 |a Legal films.  |2 fast  |0 (OCoLC)fst01726171 
655 7 |a Video recordings for people with visual disabilities.  |2 fast  |0 (OCoLC)fst01710451 
655 7 |a Video recordings for the hearing impaired.  |2 fast  |0 (OCoLC)fst01710450 
655 7 |a Legal films.  |2 lcgft  |0 http://id.loc.gov/authorities/genreForms/gf2011026353 
655 7 |a Biographical films.  |2 lcgft  |0 http://id.loc.gov/authorities/genreForms/gf2011026089 
655 7 |a Thrillers (Motion pictures)  |2 lcgft  |0 http://id.loc.gov/authorities/genreForms/gf2011026692 
655 7 |a Feature films.  |2 lcgft  |0 http://id.loc.gov/authorities/genreForms/gf2011026247 
655 7 |a Fiction films.  |2 lcgft  |0 http://id.loc.gov/authorities/genreForms/gf2011026250 
655 7 |a Film adaptations.  |2 lcgft  |0 http://id.loc.gov/authorities/genreForms/gf2011026254 
655 7 |a Video recordings for the hearing impaired.  |2 lcgft  |0 http://id.loc.gov/authorities/genreForms/gf2011026725 
655 7 |a Video recordings for people with visual disabilities.  |2 lcgft  |0 http://id.loc.gov/authorities/genreForms/gf2011026724 
700 1 |a Haynes, Todd,  |e film director.  |0 http://id.loc.gov/authorities/names/no97029166 
700 1 |a Correa, Mario  |c (Screenwriter),  |e screenwriter.  |0 http://id.loc.gov/authorities/names/no2020031837 
700 1 |a Carnahan, Matthew Michael,  |e screenwriter.  |0 http://id.loc.gov/authorities/names/no2008045336 
700 1 |a Vachon, Christine,  |e film producer.  |0 http://id.loc.gov/authorities/names/n94003202 
700 1 |a Koffler, Pamela R.,  |e film producer.  |0 http://id.loc.gov/authorities/names/no2002011526 
700 1 |a Ruffalo, Mark,  |e film producer,  |e actor.  |0 http://id.loc.gov/authorities/names/no2001058884 
700 1 |a Hathaway, Anne,  |d 1982-  |e actor.  |0 http://id.loc.gov/authorities/names/n2001020932 
700 1 |a Robbins, Tim,  |d 1958-  |e actor.  |0 http://id.loc.gov/authorities/names/n92113920 
700 1 |a Camp, Bill,  |e actor.  |0 http://id.loc.gov/authorities/names/no2006043815 
700 1 |a Garber, Victor,  |e actor.  |0 http://id.loc.gov/authorities/names/n85322430 
700 1 |a Winningham, Mare,  |e actor.  |0 http://id.loc.gov/authorities/names/n85273958 
700 1 |a Pullman, Bill,  |e actor.  |0 http://id.loc.gov/authorities/names/no90001356 
700 1 |a Harper, William Jackson,  |d 1980-  |e actor.  |0 http://id.loc.gov/authorities/names/no2017121879 
700 1 |a Krause, Louisa,  |d 1986-  |e actor.  |0 http://id.loc.gov/authorities/names/no2010138599 
700 1 |a Zarvos, Marcelo,  |e composer (expression)  |0 http://id.loc.gov/authorities/names/n2004068987 
700 1 |a Lachman, Edward,  |d 1948-  |e director of photography.  |0 http://id.loc.gov/authorities/names/no2001077161 
700 1 |a Gonçalves, Affonso,  |e editor of moving image work.  |0 http://id.loc.gov/authorities/names/no2001030099 
700 1 |i Motion picture adaptation of (work) :  |a Rich, Nathaniel,  |d 1980-  |t Lawyer who became DuPont's worst nightmare. 
710 2 |a Participant Media,  |e presenter.  |0 http://id.loc.gov/authorities/names/no2009115057 
710 2 |a Willi Hill (Firm),  |e production company. 
710 2 |a Killer Content (Firm),  |e production company.  |0 http://id.loc.gov/authorities/names/no2018169246 
710 2 |a Universal Pictures Home Entertainment (Firm),  |e publisher.  |0 http://id.loc.gov/authorities/names/no2016104677 
730 0 2 |i Container of (work):  |a Dark waters (Motion picture) 
730 0 2 |i Container of (expression ):  |a Dark waters (Motion picture).  |l French. 
730 0 2 |i Container of (expression ):  |a Dark waters (Motion picture).  |l Spanish. 
948 |a cataloged  |b h  |c 2020/03/03  |d c  |e blrosas  |f 3:13:42 pm 
994 |a C0  |b TXA 
999 f f |s be36655d-6839-3c69-8d4f-ffcdf0e6498f  |i f9d8d6a9-72b7-368c-8bd4-1f414efa5db2  |t 0 
952 f f |p dvd  |a Texas A&M University  |b College Station  |c Sterling C. Evans Library  |d Evans: Media and Reserves (Annex 1st floor)  |t 0  |e PN1995.9.B55 D37 2020  |h Library of Congress classification  |i video -- videodisc  |m A14850989394 
998 f f |a PN1995.9.B55 D37 2020  |t 0  |l Evans: Media and Reserves (Annex 1st floor)